|
|
|
|
| LEADER |
00000nab a2200000 4500 |
| 001 |
vtls011743575 |
| 003 |
SK-MaSNL |
| 005 |
20260319070822.0 |
| 008 |
180226|2018 xo w||| || ||00 0|hun |
| 015 |
|
|
|a SNBRB2018/02
|
| 040 |
|
|
|a DSZK
|b slo
|c DSZK
|e rda
|
| 041 |
|
|
|a hun
|
| 043 |
|
|
|a e-xo---
|
| 044 |
|
|
|a xo
|c SK
|
| 072 |
|
7 |
|a 82
|x Literatúra. Literárny život
|2 konspekt
|
| 080 |
|
|
|a 821.511.141-051
|x (437.6)
|2 2011
|
| 100 |
1 |
|
|a Póda, Erzsébet,
|d 1965-
|4 ivr
|4 aut
|9 340268
|
| 245 |
1 |
0 |
|a A lovagi cím kötelez
|c Póda Erzsébet, Bíró Szabolcs ; fotó Ugróczky István
|
| 300 |
|
|
|b Fotografie
|
| 336 |
|
|
|a text
|b txt
|2 rdacontent
|
| 337 |
|
|
|a bez média
|b n
|2 rdamedia
|
| 338 |
|
|
|a zväzok
|b nc
|2 rdacarrier
|
| 600 |
1 |
7 |
|a Bíró, Szabolcs,
|d 1988-
|2 dszk
|9 211478
|
| 650 |
0 |
7 |
|a maďarskí spisovatelia
|2 SNKPH
|9 55632
|
| 651 |
|
7 |
|a Dunajská Streda (Slovensko)
|2 SNKPH
|9 17375
|
| 700 |
1 |
|
|a Bíró, Szabolcs,
|d 1988-
|4 ive
|4 aut
|9 211478
|
| 773 |
0 |
|
|t Csallóköz
|g Évf. 57, sz. 51-52 (2017), o. 24-25
|x 1336-3638
|
| 852 |
|
|
|a DSZK
|b KIS3GCP
|
| 958 |
|
|
|a HU
|
| 958 |
|
|
|a SK
|
| 958 |
|
|
|a LX
|
| 999 |
|
|
|c 1787629
|d 1789559
|